000 00758cam a2200205 4500
001 X101152
008 000000n1999 000 0 eng u
035 _a(Sirsi) u101152
245 _aLondon Borough of Southwark v Mills and others
260 _c1999
490 _aNew Property Cases
_v [1999] NPC 123
520 _aA covenant for quiet enjoyment is a technical description of the right to possession not the right to enjoy peace and quiet. Neighbours living side by side reasonably cannot as a matter of law create a nuisance for each other.
650 _aREAL PROPERTY
650 _aTORT
650 _aPOSSESSION
650 _aLANDLORD AND TENANT ACT 1985
650 _aHOUSING ACT 1985
690 _aLANDLORD AND TENANT-CASE LAW
942 _n0
999 _c60343
_d60343